Statistics for Top 10 Swansea City Premier League Scorers

Click here to take the quiz!

General Stats

  • This quiz has been taken 52 times
  • The average score is 6 of 10

Answer Stats

PlayerGoals% Correct
Michu20
83%
Wilfried Bony27
83%
Gylfi Sigurðsson34
64%
Nathan Dyer17
64%
Wayne Routledge16
62%
André Ayew12
60%
Bafétimbi Gomis13
45%
Danny Graham15
43%
Fernando Llorente15
43%
Ki Sung-yueng12
29%

Score Distribution

Percentile by Number Answered

Percent of People with Each Score

Your Score History

You have not taken this quiz